Statistics for Most Litigious Countries (Lawsuits per Capita)

Click here to take the quiz!

General Stats

  • This quiz has been taken 255 times
  • The average score is 7 of 10

Answer Stats

LawsuitsCountry% Correct
74.5United States
98%
123.2Germany
90%
64.4United Kingdom
88%
40.3France
84%
111.2Sweden
67%
62.5Denmark
59%
95.9Austria
58%
40.7Portugal
43%
96.8Israel
39%
52.4Hungary
28%

Score Distribution

Percentile by Number Answered

Percent of People with Each Score

Your Score History

You have not taken this quiz